000 00434nam a2200181Ia 4500
001 17199
005 20260306170407.0
008 260306t2014||||xx |||||||||||||| ||und||
041 _aESP
082 _a657.61
_bA64
100 _aApaza Meza, Mario
_eAUT
245 0 _aFinanzas en excel aplicadas a las NIIF
260 _c2014
300 _a736 páginas :
_c24 cm.
650 _aGEN
654 _aCCO
942 _cLIB
_dJUS
_fJUS
_2ddc
_n
999 _c17199
_d17199